[Event "HUN-ch U14"]
[Site "Paks"]
[Date "1998.??.??"]
[Round "1"]
[White "Jakab, Attila"]
[Black "Hudecz, Viktor"]
[Result "1/2-1/2"]
[WhiteElo "2210"]
[BlackElo "2135"]

1.d4 Nf6 2.c4 e6 3.Nc3 Bb4 4.Qc2 O-O 5.a3 Bxc3+ 6.Qxc3 b6 7.Nf3 d6 8.g3 Nbd7
9.Bg2 Bb7 10.O-O c5 11.Rd1 Qc7 12.b3 a6 13.Bb2 Rac8 14.Qe3 d5 15.Ne5 Nxe5
16.Qxe5 Qxe5 17.dxe5 Ne4 18.f3 dxc4 19.bxc4 Rfd8 20.fxe4 Kf8 21.Rd6 Bc6 22.Rad1 Ke7
23.Rxd8 Rxd8 24.Rxd8 Kxd8 25.Kf2 Kd7 26.Ke3 Ba4 27.Kd3 Bc6 28.Bf3 Ke8 29.e3 Ba4
30.Kd2 Bc6 31.Bd1 h6 32.h4 g6 33.Kd3 Bd7 34.Bc3 Bc6 35.Be1 Kf8 36.g4 Kg7
37.g5 h5 38.Bg3 Kf8 39.Bf4 Ke7 40.Be2 a5 41.Bg3 Ke8 42.Be1 Bd7 43.Kc3 Bc6
44.Kc2 Bd7 45.Bc3 Bc6 46.Kd1 Bd7 47.Ke1 Bc6 48.Kf2 Bd7 49.Kg3 Ba4 50.Bd3 Ke7
51.Kf3 Ke8 52.Kf4 Ke7 53.Bb1 Ke8 54.Bb2 Ke7 55.Bd3 Ke8 56.Kg3 Ke7 57.Kf2 Ke8
58.Ke1 Ke7 59.Kd2 Ke8 60.Bc3 Ke7 61.Be2 Ke8 62.Kd3 Ke7 63.Be1 Ke8 64.Bg3 Ke7
65.Bf4 Ke8 66.Bf3 Ke7 67.Kd2 Ke8 68.Bxh5 gxh5 69.g6 fxg6 70.Bg5 Bb3 71.Kc3 Ba2
72.Bf6 a4 73.Bg5 Bb1 74.Bf6 Kd7 75.Bg7 Kc6 76.Bf8 Bxe4 77.Be7 Bg2  1/2-1/2

[Event "HUN-ch U20"]
[Site "Paks"]
[Date "1998.??.??"]
[Round "2"]
[White "Nagy, Sandor"]
[Black "Joo, Gabor"]
[Result "1-0"]
[WhiteElo "2015"]
[BlackElo "2065"]

1.d4 Nf6 2.c4 e6 3.Nc3 Bb4 4.Qc2 O-O 5.Bg5 d5 6.e3 Nbd7 7.cxd5 exd5 8.Nf3 h6
9.Bh4 c5 10.Bd3 cxd4 11.Nxd4 Ne5 12.Bxf6 Nxd3+ 13.Qxd3 Qxf6 14.O-O Bxc3 15.Qxc3 Be6
16.Rac1 Qe7 17.Qc5 Qd7 18.Qc7 Rac8 19.Qxd7 Bxd7 20.Rfd1 a6 21.Kf1 Rfd8 22.Ke1 Kf8
23.Ne2 Rxc1 24.Rxc1 Rc8 25.Rxc8+ Bxc8 26.Nc3 Be6 27.Kd2 Ke7 28.Kd3 Kd6 29.Kd4 b5
30.b4 f6 31.a3 Kc6 32.Ne2 Kd6 33.Ng3 g6 34.Ne2 Bf7 35.Nc3 Kc6 36.f3 Kd6 37.e4 dxe4
38.Nxe4+ Kc6 39.Nxf6 Kd6 40.Ne4+ Kc6 41.Ke5 Be8 42.h4 Bf7 43.Kf6 Bc4 44.Kxg6  1-0

[Event "Atom Cup GM 3rd"]
[Site "Paks"]
[Date "1998.??.??"]
[Round "6"]
[White "Gershon, Alik"]
[Black "Horvath, Adam"]
[Result "1-0"]
[WhiteElo "2460"]
[BlackElo "2455"]

1.d4 Nf6 2.c4 e6 3.Nc3 Bb4 4.Qc2 O-O 5.a3 Bxc3+ 6.Qxc3 h6 7.e3 b6 8.Bd3 Bb7
9.Nf3 Qe7 10.O-O d6 11.b3 Nbd7 12.Bb2 Ne4 13.Bxe4 Bxe4 14.d5 e5 15.Nd2 Bh7
16.f4 f5 17.b4 Rae8 18.Nb3 Nf6 19.Rad1 Qf7 20.a4 Re7 21.b5 Rfe8 22.Rde1 Ng4
23.h3 Nf6 24.fxe5 dxe5 25.Ba3 Rd7 26.Nc1 Ne4 27.Qb2 Ng3 28.Rf3 f4 29.exf4 exf4
30.Qd2 Rxe1+ 31.Qxe1 Be4 32.Rf2 Qf6 33.Bb2 Qg5 34.Qd2 Rf7 35.Nd3 f3 36.Qxg5 hxg5
37.Ne5 Ne2+ 38.Kh2 fxg2 39.Rxe2 Rf1 40.Rxg2 Bxg2 41.Kxg2 Rb1 42.Ba3  1-0

[Event "Pardubice Czech op"]
[Site "Pardubice"]
[Date "1998.??.??"]
[Round "5"]
[White "Lamprecht, Frank"]
[Black "Kutuzovic, Branko"]
[Result "1/2-1/2"]
[WhiteElo "2395"]
[BlackElo "2425"]

1.d4 Nf6 2.c4 e6 3.Nc3 Bb4 4.Qc2 O-O 5.a3 Bxc3+ 6.Qxc3 b6 7.Nf3 Bb7 8.g3 d6
9.Bg2 Nbd7 10.O-O Qe7 11.Bg5 h6 12.Bxf6 Nxf6 13.Rad1 c5 14.dxc5 bxc5 15.b4 cxb4
16.axb4 Rfc8 17.Qd4 d5 18.cxd5 Nxd5 19.Rb1 Rc2 20.Qd3 Rac8 21.Nd4 R2c3 22.Qb5 R3c4
23.Nf5 exf5 24.Bxd5 Bxd5 25.Qxd5 f4 26.Qf3 fxg3 27.hxg3 Re8 28.b5 Qxe2 29.Qxe2 Rxe2
30.b6 axb6 31.Rxb6 h5 32.Rbb1 h4 33.Kg2 hxg3 34.Kxg3 Rc3+ 35.Kg2 Re5 36.Rb8+ Kh7
37.Rh1+ Kg6 38.Rh4 Rg5+ 39.Kf1 Rc1+ 40.Ke2 Rc2+ 41.Kf1 f6 42.Rbb4 Rc1+ 43.Ke2 Re5+
44.Rhe4 Rxe4+ 45.Rxe4 Kg5 46.Kf3 f5 47.Ra4 Rh1 48.Kg2 Rh4 49.Ra7 g6 50.Ra6 Rb4
51.Rc6 Kh5 52.Rc3 g5 53.Rh3+ Kg6 54.Rh8 Rb3 55.Rg8+ Kh5 56.Rh8+ Kg4 57.Ra8 f4
58.Ra4 Rb7 59.Rc4 Rf7 60.f3+ Kh5 61.Rc8 Rd7 62.Rh8+ Kg6 63.Ra8 Rd2+ 64.Kf1 Kf6
65.Ke1 Rd3 66.Ke2 Rc3 67.Kf2 Ke5 68.Ra5+ Kd4 69.Rxg5 Rc2+ 70.Kf1 Ke3 71.Ra5 Kxf3
72.Ra3+ Kg4 73.Rb3 Rc4 74.Kf2 Ra4 75.Rc3 Ra2+ 76.Kf1 Ra4 77.Kf2 f3 78.Rc8 Ra2+
79.Kf1 Re2  1/2-1/2

[Event "HUN-ch op"]
[Site "Pecs"]
[Date "1998.??.??"]
[Round "3"]
[White "Szelenyi, Norbert"]
[Black "Csiszar, Zoltan"]
[Result "1-0"]
[WhiteElo "2340"]
[BlackElo "2175"]

1.d4 Nf6 2.c4 e6 3.Nc3 Bb4 4.Qc2 O-O 5.a3 Bxc3+ 6.Qxc3 b6 7.Bg5 Bb7 8.e3 h6
9.Bh4 c5 10.dxc5 bxc5 11.Nf3 Nc6 12.Bd3 Qe7 13.O-O d6 14.Rfd1 a5 15.b3 Rfe8
16.Bc2 Rad8 17.Rd2 e5 18.h3 Qe6 19.Rad1 g5 20.Bg3 Rd7 21.Nh2 Red8 22.f3 Ba6
23.Ng4 Nh5 24.Bf5 Qe7 25.Bxd7 Rxd7 26.Bxe5  1-0

[Event "Porto San Giorgio op"]
[Site "Porto San Giorgio"]
[Date "1998.??.??"]
[Round "3"]
[White "Vera, Reynaldo"]
[Black "Aleksic, Nenad"]
[Result "1-0"]
[WhiteElo "2535"]
[BlackElo "2445"]

1.d4 Nf6 2.c4 e6 3.Nc3 Bb4 4.Qc2 O-O 5.Nf3 b6 6.e4 c5 7.e5 Ne8 8.Bd3 f5 9.Bg5 Qc7
10.d5 d6 11.O-O-O Bxc3 12.Qxc3 exd5 13.cxd5 Ba6 14.Rhe1 Bxd3 15.exd6 Qxd6
16.Qxd3 Nd7 17.Be7 Qf4+ 18.Kb1 Rf7 19.d6 Nef6 20.g3 Qg4 21.Bxf6 gxf6 22.Qd5 Rf8
23.Re7  1-0

[Event "Ptuj"]
[Site "Ptuj"]
[Date "1998.??.??"]
[Round "?"]
[White "Brglez, Rado"]
[Black "Roskar, Robert"]
[Result "1-0"]
[WhiteElo "2260"]
[BlackElo "2270"]

1.d4 Nf6 2.c4 e6 3.Nc3 Bb4 4.Qc2 O-O 5.Nf3 c5 6.dxc5 Na6 7.g3 Nxc5 8.Bg2 Nce4
9.Bd2 Bxc3 10.Bxc3 Nxc3 11.Qxc3 d5 12.O-O Bd7 13.Ne5 Rc8 14.Qa3 b6 15.Rad1 Qc7
16.Nxd7 Qxd7 17.cxd5 exd5 18.e4 d4 19.e5 Ne8 20.Qb4 Rd8 21.Rd2 Nc7 22.Rfd1 Qe6
23.Rxd4 Rxd4 24.Qxd4 Qxa2 25.f4 Ne6 26.Qd2 Qc4 27.f5 Nc5 28.Bd5 Qg4 29.Rf1 Re8
30.b4 Ne4 31.Qd4 Nf6 32.Rf4 Qg5 33.exf6  1-0

[Event "CRO-Cup"]
[Site "Pula"]
[Date "1998.??.??"]
[Round "5"]
[White "Lalic, Bogdan"]
[Black "Palac, Mladen"]
[Result "1/2-1/2"]
[WhiteElo "2545"]
[BlackElo "2545"]

1.d4 Nf6 2.c4 e6 3.Nc3 Bb4 4.Qc2 O-O 5.a3 Bxc3+ 6.Qxc3 b6 7.Bg5 Bb7 8.f3 h6
9.Bh4 d5 10.e3 Nbd7 11.cxd5 Nxd5 12.Bxd8 Nxc3 13.Bxc7 Nd5 14.Bd6 Nxe3 15.Kf2 Nc2
16.Rd1 Rfc8 17.Bb5 Nf6 18.Ne2 a6 19.Bd3 Nd5 20.Rc1 Nce3 21.Bf4 Nf5 22.Bxf5 exf5
23.Bd2  1/2-1/2

[Event "SWE-ch"]
[Site "Ronneby"]
[Date "1998.??.??"]
[Round "3"]
[White "Eriksson, Johan"]
[Black "Akesson, Ralf"]
[Result "1/2-1/2"]
[WhiteElo "2380"]
[BlackElo "2505"]

1.d4 Nf6 2.c4 e6 3.Nc3 Bb4 4.Qc2 O-O 5.Nf3 c5 6.dxc5 Na6 7.g3 Nxc5 8.Bg2 Nce4
9.O-O Nxc3 10.bxc3 Be7 11.e4 d6 12.e5 dxe5 13.Nxe5 Qc7 14.Qe2 Ne8 15.Rb1 f6
16.Nf3 e5 17.Re1 Bc5 18.Nd2 Nd6 19.Nb3 Be6 20.Nxc5 Qxc5 21.Be3 Qxc4 22.Qxc4 Bxc4
23.Bc5 Rfd8 24.Bxd6 Rxd6 25.Rxb7 Rad8 26.Bf1 Bxf1 27.Kxf1 Ra6 28.Re2 Rd1+
29.Kg2 Rdd6  1/2-1/2

[Event "SWE-ch"]
[Site "Ronneby"]
[Date "1998.??.??"]
[Round "7"]
[White "Eriksson, Johan"]
[Black "Hellsten, Johan"]
[Result "1/2-1/2"]
[WhiteElo "2380"]
[BlackElo "2460"]

1.d4 Nf6 2.c4 e6 3.Nc3 Bb4 4.Qc2 O-O 5.Nf3 c5 6.dxc5 Na6 7.g3 Nxc5 8.Bg2 b6
9.O-O Bb7 10.Nb5 Be4 11.Qd1 Nb7 12.Bf4 a6 13.Nd6 Bxd6 14.Bxd6 Nxd6 15.Qxd6 Rc8
16.Ne5 Qc7 17.Rfd1 Bxg2 18.Kxg2 Qb7+ 19.Kg1 Rc7 20.Rac1 Rfc8 21.b3 Ne4 22.Qd4 d5
23.Qe3 h6 24.f3 Nf6 25.Qd2 b5 26.cxd5 Qb6+ 27.Kh1 Nxd5 28.Rxc7 Qxc7 29.Nd3 Qb6
30.Rc1 Rxc1+ 31.Qxc1 Qd4 32.Qc8+ Kh7 33.Qc1 a5 34.a3 b4 35.axb4 axb4 36.h3 f5
37.Qc4 Qa1+ 38.Kh2 Qf1 39.Nf4 Qf2+ 40.Kh1 Qf1+ 41.Kh2 Qf2+ 42.Kh1 Qxg3 43.Nxd5 exd5
44.Qxb4 Qxh3+ 45.Kg1 Qg3+ 46.Kf1 Qe5 47.Qf8 h5 48.Qd8 f4 49.Qd7 Kg6 50.b4 Qa1+
51.Kg2 Qe5 52.Kf1 Qf5 53.Qe8+ Kh7 54.b5 h4 55.Qe7 h3 56.Qh4+ Kg8 57.Kf2 Qf8
58.Qxh3 Qc5+ 59.Kf1 Qxb5 60.Qe6+ Kh8 61.Qc8+  1/2-1/2

[Event "SWE-ch"]
[Site "Ronneby"]
[Date "1998.??.??"]
[Round "13"]
[White "Akesson, Ralf"]
[Black "Hall, Jesper"]
[Result "1/2-1/2"]
[WhiteElo "2505"]
[BlackElo "2460"]

1.d4 Nf6 2.c4 e6 3.Nc3 Bb4 4.Qc2 O-O 5.a3 Bxc3+ 6.Qxc3 Ne4 7.Qc2 f5 8.Nh3 d6
9.f3 Nf6 10.e3 e5 11.dxe5 dxe5 12.Bd2 Qe7 13.O-O-O Nc6 14.Bc3 Qc5 15.Qf2 a5
16.Rd2 Be6 17.Ng5 Bc8 18.Nh3 h6 19.e4 Qxf2 20.Nxf2 fxe4 21.Nxe4 Nxe4 22.fxe4 Be6
23.Be2 Rad8 24.Rxd8 Rxd8 25.b4 Nd4 26.Bd3 b6 27.Kd2 axb4 28.axb4 Ra8 29.Ke3 c5
30.bxc5 bxc5 31.Ra1 Rxa1  1/2-1/2

[Event "Roskilde op"]
[Site "Roskilde"]
[Date "1998.??.??"]
[Round "1"]
[White "Schandorff, Lars"]
[Black "Hellstrom, Ake"]
[Result "1-0"]
[WhiteElo "2525"]
[BlackElo "2095"]

1.d4 Nf6 2.c4 e6 3.Nc3 Bb4 4.Qc2 O-O 5.a3 Bxc3+ 6.Qxc3 b6 7.Bg5 Bb7 8.e3 h6
9.Bh4 d6 10.f3 Nbd7 11.Bd3 c5 12.Ne2 cxd4 13.exd4 Rc8 14.Qb4 Qc7 15.O-O a5
16.Qd2 d5 17.Bg3 Qd8 18.cxd5 Bxd5 19.Ba6 Ra8 20.Bb5 Qe7 21.Rac1 Rfc8 22.Rxc8+ Rxc8
23.Rc1 Rd8 24.Nc3 Bb7 25.Qe3 Nh5 26.Bc7 Rc8 27.Na4 Nhf6 28.Bg3 Nd5 29.Rxc8+ Bxc8
30.Qc1 Qd8 31.Qc6 N7f6 32.Nc3 Kh7 33.Bd3+ g6 34.Ne4 Nxe4 35.fxe4 Ne7 36.Qd6 Qxd6
37.Bxd6 Nc6 38.d5 exd5 39.exd5 Nd4 40.Bc7 a4 41.Bxb6 Nf5 42.Bb5 Kg7 43.Bxa4 Kf6
44.Kf2 h5 45.Ba5 Ke5 46.Be8 Nh6 47.h3 Kf6 48.Bc3+ Ke7 49.Bc6 Nf5 50.b4 h4
51.b5 Ng3 52.Bb4+ Kf6 53.b6  1-0

[Event "Roskilde op"]
[Site "Roskilde"]
[Date "1998.??.??"]
[Round "3"]
[White "Schandorff, Lars"]
[Black "Sammalvuo, Tapani"]
[Result "1-0"]
[WhiteElo "2525"]
[BlackElo "2395"]

1.d4 Nf6 2.c4 e6 3.Nc3 Bb4 4.Qc2 O-O 5.a3 Bxc3+ 6.Qxc3 b6 7.Bg5 Bb7 8.e3 h6
9.Bh4 d6 10.f3 Nbd7 11.Bd3 c5 12.Ne2 Rc8 13.b4 d5 14.dxc5 bxc5 15.b5 Nb6
16.Bxf6 Qxf6 17.Qxf6 gxf6 18.cxd5 Rfd8 19.Nc3 Nxd5 20.Nxd5 Bxd5 21.O-O-O f5
22.a4 Bb3 23.Bc2 Bc4 24.Kb2 Kf8 25.Rxd8+ Rxd8 26.Kc3 Bd5 27.Rd1 Ke7 28.e4 fxe4
29.fxe4 Bb7 30.Rxd8 Kxd8 31.Kc4 Kc7 32.Kxc5 Bc8 33.a5  1-0

[Event "Roskilde op"]
[Site "Roskilde"]
[Date "1998.??.??"]
[Round "4"]
[White "Lynge, Michael"]
[Black "Pedersen, Hans Dahl"]
[Result "1-0"]
[WhiteElo "2160"]
[BlackElo "2175"]

1.d4 Nf6 2.c4 e6 3.Nc3 Bb4 4.Qc2 O-O 5.a3 Bxc3+ 6.Qxc3 b6 7.Nf3 Bb7 8.b4 d6
9.Bb2 Nbd7 10.e3 a5 11.b5 Ne4 12.Qc2 f5 13.Be2 Ng5 14.h4 Ne4 15.Bd3 Qe7 16.O-O-O Ndf6
17.Ng5 Ng4 18.Nh3 Qxh4 19.Rdf1 Qe7 20.Qe2 Ngf6 21.Qe1 d5 22.cxd5 Nxd5 23.f3 Ng5
24.Nf4 Nxf4 25.exf4 Nf7 26.Bxf5 h6 27.Bxe6 c6 28.d5 cxd5 29.Qg3 Qc5+ 30.Kb1 d4
31.Rc1 Qxb5 32.Rxh6 Qd3+ 33.Ka1 Rac8 34.Rch1 g5 35.Qxg5+  1-0

[Event "ESP-chT"]
[Site "Salamanca"]
[Date "1998.??.??"]
[Round "5"]
[White "Jose Abril, Ramon"]
[Black "Vehi Bach, Victor Manuel"]
[Result "0-1"]
[WhiteElo "2375"]
[BlackElo "2390"]

1.d4 Nf6 2.c4 e6 3.Nc3 Bb4 4.Qc2 O-O 5.a3 Bxc3+ 6.Qxc3 d6 7.Bg5 Nbd7 8.e3 b6
9.Bd3 h6 10.Bh4 c5 11.Ne2 Ba6 12.O-O Rc8 13.Qb3 d5 14.Rac1 b5 15.cxb5 c4
16.Bxc4 dxc4 17.Rxc4 Qb6 18.Nc3 Bb7 19.Na4 Qa5 20.Bxf6 Rxc4 21.Qxc4 Bd5 22.Qb4 Qxb4
23.axb4 Nxf6 24.Ra1 Rb8 25.Nc3 Rb7 26.f3 Bc4 27.Ra5 Nd5 28.e4 Nxc3 29.bxc3 Bxb5
30.Kf2 a6 31.Ke3 Rc7 32.Kd2 Kf8 33.Ra2  0-1

[Event "Balazs mem op"]
[Site "Salgotarjan"]
[Date "1998.??.??"]
[Round "4"]
[White "Csiszar, Zoltan"]
[Black "Prokopisin, Vasily"]
[Result "1/2-1/2"]
[WhiteElo "2200"]
[BlackElo "2315"]

1.d4 Nf6 2.c4 e6 3.Nc3 Bb4 4.Qc2 O-O 5.a3 Bxc3+ 6.Qxc3 b6 7.Bg5 Bb7 8.e3 d6
9.f3 Nbd7 10.Bd3 c5 11.Ne2 h6 12.Bh4 cxd4 13.exd4 Rc8 14.Qd2 e5 15.O-O Re8
16.Rfd1 e4 17.fxe4 Bxe4 18.Nc3 Bc6 19.b4 a6 20.Bf5 Rc7 21.Bg3 Bb7 22.c5 bxc5
23.dxc5 g6 24.Bh3 dxc5 25.Bxc7 Qxc7 26.Bxd7 Nxd7 27.Qxd7 Re1+ 28.Kf2 Qxd7
29.Rxd7 Rxa1 30.Rxb7 Rxa3 31.Ne2 cxb4 32.Rxb4 a5 33.Rb2 Kg7 34.Nc1 g5 35.Ra2 Rxa2+
36.Nxa2 a4 37.Ke3 Kf6 38.Ke4 h5 39.g3 a3 40.Nc3 Ke6 41.h4 f6 42.Na2 f5+ 43.Kf3 Kf6
44.Nc3 Kg6 45.Na2 f4 46.gxf4 gxh4 47.Kg2 Kf5 48.Kh3 Kxf4 49.Kxh4 Ke4 50.Kxh5 Kd3
51.Kg4 Kc2 52.Nb4+ Kc3 53.Na2+ Kb3 54.Nc1+ Kb2 55.Nd3+ Kc3 56.Nc1 Kb2 57.Nd3+ Kb1
58.Nb4 a2 59.Nxa2 Kxa2  1/2-1/2

[Event "San Jose op"]
[Site "San Jose"]
[Date "1998.??.??"]
[Round "2"]
[White "Pardo, V."]
[Black "Roche Simon, Manuel Angel"]
[Result "0-1"]
[WhiteElo "1875"]
[BlackElo "2175"]

1.d4 Nf6 2.c4 e6 3.Nc3 Bb4 4.Qc2 O-O 5.Bg5 d6 6.a3 Bxc3+ 7.Qxc3 Nbd7 8.e4 h6
9.Bxf6 Qxf6 10.Nf3 e5 11.dxe5 Nxe5 12.Nxe5 dxe5 13.Rd1 Be6 14.b4 Rfd8 15.Rxd8+ Rxd8
16.Bd3 Rd4 17.O-O Qd8 18.Be2 Rd2 19.Re1 Qd4 20.Qxd4 Rxd4 21.c5 Rxe4 22.Kf1 Kf8
23.Rd1 Rd4 24.Rxd4 exd4 25.Bf3 b6 26.cxb6 cxb6 27.Ke1 Ke7 28.Kd2 Kd6 29.g3 Bc4
30.Be4 Ke5 31.f3 Bd5 32.Kd3 Bxe4+ 33.fxe4 b5 34.h3 h5 35.g4 hxg4 36.hxg4 f6  0-1

[Event "ECI opJ 25th"]
[Site "Sas Van Gent"]
[Date "1998.??.??"]
[Round "2"]
[White "Ballo, Emanuel"]
[Black "Dyce, Andrew"]
[Result "1/2-1/2"]
[WhiteElo "2200"]
[BlackElo "2295"]

1.d4 Nf6 2.c4 e6 3.Nc3 Bb4 4.Qc2 O-O 5.a3 Bxc3+ 6.Qxc3 b6 7.Bg5 c5 8.dxc5 bxc5
9.e3 Nc6 10.Nf3 Qa5 11.Qxa5 Nxa5 12.Bxf6 gxf6 13.Nd2 Bb7 14.Bd3 f5 15.Rb1 d5
16.b4 Nxc4 17.Nxc4 dxc4 18.Bxc4 Be4 19.Rc1 cxb4 20.f3 Bb7 21.axb4 a5 22.bxa5 Rxa5
23.Kf2 Rc8 24.Bb3 Rb8 25.Rc3 Bd5 26.Bxd5 Rb2+ 27.Kg3 Rxd5 28.Rg1 e5 29.Rc4 Kg7
30.h4 Kg6 31.e4 fxe4 32.Rxe4 f6 33.Re3 Kf5 34.Re4 Rd4 35.Rge1 Rdd2 36.Rg1 Ke6
37.Re3 f5 38.Kh3 Kd6 39.Rge1 Rd5 40.R1e2 Rb4 41.g4 fxg4+  1/2-1/2

[Event "Liechtenstein op"]
[Site "Schaan"]
[Date "1998.??.??"]
[Round "4"]
[White "Kelecevic, Nedeljko"]
[Black "Hirzel, Rene"]
[Result "1-0"]
[WhiteElo "2440"]
[BlackElo "2160"]

1.d4 Nf6 2.c4 e6 3.Nc3 Bb4 4.Qc2 O-O 5.Bg5 b6 6.e3 Bb7 7.f3 c5 8.Bd3 h6 9.Bh4 d5
10.a3 cxd4 11.axb4 dxc3 12.bxc3 dxc4 13.Bxc4 Nbd7 14.Bb5 Qc8 15.Ne2 a6 16.Bxd7 Nxd7
17.O-O Qc4 18.Rfd1 Qxh4 19.Rxd7 Bd5 20.Nf4 Rfc8 21.Nxd5 exd5 22.Qf5 Qf6 23.Qxf6 gxf6
24.Ra3 Rc6 25.Rxd5 b5 26.Rxb5  1-0

[Event "Staufer op 10th"]
[Site "Schwaebisch Gmuend"]
[Date "1998.??.??"]
[Round "6"]
[White "Lazarev, Vladimir"]
[Black "Latzke, Boris Alexander"]
[Result "1-0"]
[WhiteElo "2490"]
[BlackElo "2200"]

1.d4 Nf6 2.c4 e6 3.Nc3 Bb4 4.Qc2 O-O 5.a3 Bxc3+ 6.Qxc3 b6 7.Bg5 Bb7 8.f3 c5
9.dxc5 bxc5 10.e3 Qe7 11.O-O-O Rd8 12.Nh3 h6 13.Bh4 d6 14.Nf2 Nbd7 15.Ng4 Rac8
16.Bd3 Kf8 17.Bc2 Ke8 18.Rd2 g5 19.Bg3 Nxg4 20.fxg4 e5 21.h4 Nf8 22.hxg5 hxg5
23.Rf2 Rc7 24.Rhf1 Qe6 25.Rf5 Qe7 26.Ba4+ Bc6 27.Qa5 Bxa4 28.Qxa4+ Rdd7 29.Qc2 Qd8
30.Rf6 Qb8 31.R6f5 Ne6 32.Rh1 Rc8 33.Rf6 Re7 34.Be1 Qb7 35.Ba5 Qa6 36.Be1 Qb7
37.Qa4+ Qc6 38.Rh8+ Nf8 39.Qc2 Qd7 40.Qh7 Re6 41.Rf5 Qe7 42.Bc3 Rg6 43.Qh1 Qe6
44.Qf1 Rd8 45.Qd3 Rh6 46.Bxe5 dxe5 47.Rxf8+ Kxf8 48.Qxd8+ Kg7 49.Rxg5+ Rg6
50.b3 Qa6 51.Kb2 Qb7 52.Rxg6+ fxg6 53.Qd5 Qe7 54.Kc3 Kf6 55.b4 cxb4+ 56.axb4 Kg5
57.c5 Kxg4 58.c6 Kg3 59.Qd7 Qg5 60.c7  1-0

[Event "St Raphael op"]
[Site "St Raphael"]
[Date "1998.??.??"]
[Round "?"]
[White "Lazarev, Vladimir"]
[Black "Komarov, Dimitri"]
[Result "1/2-1/2"]
[WhiteElo "2490"]
[BlackElo "2580"]

1.d4 Nf6 2.c4 e6 3.Nc3 Bb4 4.Qc2 O-O 5.a3 Bxc3+ 6.Qxc3 b6 7.Bg5 d6 8.f3 c5
9.dxc5 bxc5 10.O-O-O Nc6 11.Bxf6 gxf6 12.e3 Rb8 13.Nh3 Na5 14.Bd3 Ba6 15.Nf4 Rb3  1/2-1/2

[Event "EST-chT"]
[Site "Tallinn"]
[Date "1998.??.??"]
[Round "4"]
[White "Shishkov, Andrei"]
[Black "Veingold, Aleksandr"]
[Result "0-1"]
[WhiteElo "2270"]
[BlackElo "2475"]

1.d4 Nf6 2.c4 e6 3.Nc3 Bb4 4.Qc2 O-O 5.a3 Bxc3+ 6.Qxc3 b6 7.Bg5 Bb7 8.e3 h6
9.Bh4 Re8 10.f3 d5 11.Nh3 Nbd7 12.Be2 Qe7 13.O-O Rac8 14.Rac1 c5 15.dxc5 Rxc5
16.b4 Rc7 17.Qb2 Rec8 18.Bg3 e5 19.cxd5 Nxd5 20.e4 Nc3 21.Bd3 Qd6 22.Nf2 Qd4
23.Rc2 b5 24.Qb3 Nb6 25.Rfc1 Nba4 26.Bxb5 Nxb5 27.Rxc7 Rxc7 28.Rxc7 Qa1+
29.Nd1 Nxc7 30.Qxa4 Ba6 31.Qc2 Ne6 32.Kf2 Qd4+ 33.Ne3 Nf4 34.Qd1  0-1

[Event "ROM-chT"]
[Site "Timisu de Sus"]
[Date "1998.??.??"]
[Round "4"]
[White "Grigore, George"]
[Black "Popescu, Daniel Dorin"]
[Result "1-0"]
[WhiteElo "2475"]
[BlackElo "2365"]

1.d4 Nf6 2.c4 e6 3.Nc3 Bb4 4.Qc2 O-O 5.Nf3 c5 6.a3 Bxc3+ 7.Qxc3 b6 8.e3 Bb7
9.Be2 Ne4 10.Qc2 d6 11.O-O Nd7 12.b4 f5 13.Bb2 Qe7 14.Rad1 Rae8 15.dxc5 bxc5
16.Ne1 e5 17.Bd3 Qf7 18.f3 Ng5 19.f4 exf4 20.exf4 Ne4 21.Nf3 h6 22.Rfe1 Re6
23.Bf1 Rfe8 24.b5 Rg6 25.Nd2 Ndf6 26.Bxf6 Qxf6 27.Nxe4 fxe4 28.Qf2 Rf8 29.g3 Qxf4
30.Qxf4 Rxf4 31.Bg2 Rfg4 32.Re3 h5 33.a4 h4 34.a5 hxg3 35.hxg3 a6 36.Kh2 Rh6+
37.Bh3 Rg5 38.Kg2 d5 39.cxd5 axb5 40.Be6+ Kf8 41.a6 Bxa6 42.Ra3 Bb7 43.Ra7 Rxe6
44.dxe6 Bd5 45.e7+ Ke8 46.Kf2 Rf5+ 47.Ke2 Re5 48.Ke3 Rf5 49.Rh1 Rf3+ 50.Kd2 Rd3+
51.Ke1  1-0

[Event "RUS-ch sf"]
[Site "Tula"]
[Date "1998.??.??"]
[Round "9"]
[White "Sosulin, Eduard"]
[Black "Selin, O."]
[Result "0-1"]
[WhiteElo "2295"]
[BlackElo "2245"]

1.d4 Nf6 2.c4 e6 3.Nc3 Bb4 4.Qc2 O-O 5.a3 Bxc3+ 6.Qxc3 Ne4 7.Qc2 f5 8.Nf3 b6
9.g3 Bb7 10.Bg2 Nf6 11.O-O Be4 12.Qc3 d6 13.b4 a5 14.Bb2 Qe8 15.Nd2 Bxg2
16.Kxg2 Nbd7 17.Rfe1 Qg6 18.Qf3 f4 19.Kh1 fxg3 20.Qxg3 Ne4 21.Qxg6 Nxf2+
22.Kg2 hxg6 23.h3 Rf4 24.Rf1 Raf8 25.bxa5 bxa5 26.Bc3 R4f5 27.Nf3 Ne4 28.Be1 Rb8
29.Ra2 Rb1 30.Bh4 Rb3 31.Bd8 c6 32.a4 Rb8 33.Bh4 Nc3 34.Rc2 Nxa4 35.Ra1 Rb2
36.Rxb2 Nxb2 37.e4 Rf8 38.Rxa5 Nxc4 39.Ra7 Nf6 40.Ng5 Nh5 41.Rc7 Nf4+ 42.Kh2 Na5
43.Rd7 d5 44.Be1 Nb3 45.Bb4 Re8 46.Bd6 Nd3 47.exd5 exd5 48.Nf3 g5 49.Ne5 Nf4
50.Nxc6 Re2+ 51.Kh1 Nd2 52.Ne7+ Kh7  0-1

[Event "JUG Cup"]
[Site "Ulcinj"]
[Date "1998.??.??"]
[Round "4"]
[White "Paunovic, Tomislav"]
[Black "Kurcubic, Aleksandar"]
[Result "1-0"]
[WhiteElo "2355"]
[BlackElo "2315"]

1.d4 Nf6 2.c4 e6 3.Nc3 Bb4 4.Qc2 O-O 5.e4 c5 6.e5 cxd4 7.a3 dxc3 8.axb4 Ng4
9.Qxc3 d6 10.exd6 Qxd6 11.Nf3 e5 12.c5 Qe7 13.h3 Nf6 14.Bc4 Nc6 15.O-O e4
16.Nd4 Nxd4 17.Qxd4 Rd8 18.Qc3 Be6 19.Bg5 Bxc4 20.Qxc4 Qe5 21.Bxf6 gxf6 22.Ra3 Qd5
23.Rg3+ Kh8 24.Qc3 Qd4 25.Re1 a5 26.bxa5 Qxc3 27.Rxc3 Rxa5 28.Rxe4 Rd5 29.b4 Ra1+
30.Kh2 Rb1 31.Rg3 Rg5 32.Rxg5 fxg5 33.Kg3 Kg7 34.Kg4 Kg6 35.Rd4 f6 36.Kf3 Kf5
37.h4 Rb3+ 38.Ke2 Rb2+ 39.Ke3 Rb3+ 40.Kd2 Rb2+ 41.Kc3 Rxf2 42.hxg5 Rxg2 43.gxf6 Kxf6
44.Rd7 b5 45.cxb6 Ke6 46.Rxh7 Kd5 47.b7 Rg3+ 48.Kb2 Rg8 49.Rc7 Rb8 50.b5 Kd6
51.b6  1-0

[Event "Vienna op 13th"]
[Site "Vienna"]
[Date "1998.??.??"]
[Round "?"]
[White "Baburin, Alexander"]
[Black "Anka, Emil"]
[Result "1/2-1/2"]
[WhiteElo "2600"]
[BlackElo "2420"]

1.d4 Nf6 2.c4 e6 3.Nc3 Bb4 4.Qc2 O-O 5.a3 Bxc3+ 6.Qxc3 b6 7.Bg5 Ba6 8.e3 d6
9.Qc2 Nbd7 10.Ne2 h6 11.Bh4 c5 12.dxc5 Nxc5 13.Nc3 Ncd7 14.Rd1 Qc7 15.c5 Bxf1
16.cxd6 Qc6  1/2-1/2

[Event "Vienna op 13th"]
[Site "Vienna"]
[Date "1998.??.??"]
[Round "?"]
[White "Marcetic, Nikola"]
[Black "Haba, Petr"]
[Result "0-1"]
[WhiteElo "2330"]
[BlackElo "2570"]

1.d4 Nf6 2.c4 e6 3.Nc3 Bb4 4.Qc2 O-O 5.a3 Bxc3+ 6.Qxc3 b6 7.Bg5 Ba6 8.e3 d6
9.Bd3 Nbd7 10.Ne2 h6 11.Bh4 c5 12.b4 cxd4 13.exd4 Rc8 14.Qb3 e5 15.b5 Bb7
16.O-O d5 17.Bf5 Rxc4 18.Bxd7 Qxd7 19.Bxf6 gxf6 20.Qg3+ Kh7 21.dxe5 fxe5
22.Qxe5 Re8 23.Qb2 d4 24.Rad1 d3 25.Ng3 Qd4 26.Qd2 Rd8 27.Rc1 Qd5 28.f3 Qxb5
29.Rxc4 Qxc4 30.Rc1 Qd4+ 31.Kf1 Qe5 32.Rc4 Qb5 33.Rb4 Qc5 34.Rh4 Rd6 35.Qf4 Kg8
36.Nf5  0-1

[Event "Vienna op 13th"]
[Site "Vienna"]
[Date "1998.??.??"]
[Round "?"]
[White "Baburin, Alexander"]
[Black "Lau, Ralf"]
[Result "1/2-1/2"]
[WhiteElo "2600"]
[BlackElo "2475"]

1.d4 Nf6 2.c4 e6 3.Nc3 Bb4 4.Qc2 O-O 5.a3 Bxc3+ 6.Qxc3 Ne4 7.Qc2 f5 8.Nh3 Nc6
9.f3 Nd6 10.e3 b6 11.b4 Bb7 12.Bb2 Qh4+ 13.Qf2 Qxf2+ 14.Kxf2 a6 15.Rc1 Rac8
16.Nf4 b5 17.d5 exd5 18.cxb5 axb5 19.Nxd5 Rf7 20.Be2 Nd4 21.Rxc7 Nxe2 22.Rxc8+ Nxc8
23.Rd1 Bxd5 24.Rxd5 Nb6 25.Rd2 Nc4 26.Rxe2 d5 27.Bc1 Ra7 28.Rc2 Kf7 29.Rc3 Ke6
30.Ke2 Kd6 31.Kd3 Ke5 32.Rc2 h5 33.h4 g6 34.Ra2 Ra4 35.Kc3 Nb6 36.Kb3 Nc4
37.g4 fxg4 38.fxg4 hxg4 39.Rg2 Kf5 40.Rf2+ Ke6 41.Rf4 Ne5 42.Bb2 g3 43.Bxe5 Kxe5
44.Rg4 Ra6 45.Rxg3 Ke4 46.Rh3 Ra8 47.h5 gxh5 48.Rxh5 Rd8 49.Rh7 Kxe3 50.Re7+ Kd2
51.Rb7 d4 52.Rxb5 d3 53.Re5 Kc1 54.Re1+ Kd2 55.Re7 Kc1 56.Re1+ Kd2 57.Re7  1/2-1/2

[Event "Vienna op 13th"]
[Site "Vienna"]
[Date "1998.??.??"]
[Round "?"]
[White "Timoshenko, Georgy"]
[Black "Lau, Ralf"]
[Result "1/2-1/2"]
[WhiteElo "2560"]
[BlackElo "2475"]

1.d4 Nf6 2.c4 e6 3.Nc3 Bb4 4.Qc2 O-O 5.a3 Bxc3+ 6.Qxc3 Ne4 7.Qc2 f5 8.g3 Nc6
9.Nf3 Qf6 10.e3 e5 11.dxe5 Nxe5 12.Bg2 Nxf3+ 13.Bxf3 b6 14.O-O Bb7 15.Bg2 a5
16.a4 Bc6 17.Bd2  1/2-1/2

[Event "EUCup final (Women)"]
[Site "Wuppertal"]
[Date "1998.??.??"]
[Round "4"]
[White "Dambravaite, Asta"]
[Black "Vuksanovic, Sanja"]
[Result "1/2-1/2"]
[WhiteElo "2155"]
[BlackElo "2310"]

1.d4 e6 2.c4 Nf6 3.Nc3 Bb4 4.Qc2 O-O 5.a3 Bxc3+ 6.Qxc3 b6 7.Bg5 Ba6 8.Nf3 d6
9.e3 Nbd7 10.Bd3 c5 11.Qc2 h6 12.Bxf6 Nxf6 13.O-O Qc7 14.Rac1 Bb7 15.e4 cxd4
16.Nxd4 Rac8 17.Qe2 Rfd8 18.b4 Ba8 19.f3 Qd7 20.Bb1 a6 21.Rfd1 Qc7 22.Nb3 Bc6
23.Nd4 Ba4 24.Bc2 Bxc2 25.Rxc2 Qa7 26.Qf2 d5 27.cxd5 Rxc2 28.Nxc2 exd5 29.exd5 Rxd5
30.Rxd5 Nxd5 31.Qd4 Nf6 32.Ne3 Qc7 33.Qd2 b5 34.g3 Nd7 35.Kg2 Ne5 36.Qc2 Nc4
37.Nxc4 bxc4 38.Qc3 Qc6 39.Kf2 Qd5 40.Ke2 h5 41.h4 f6 42.Qe3 Qd7 43.Qe4 Qb5
44.Kd2 Kf8 45.Qd4 Ke8 46.Kc3 Qa4 47.Qe3+ Kf7 48.Kxc4 Qb5+ 49.Kc3 Qc6+ 50.Kb2 g6
51.Qe4 Qd6 52.Qf4 Qxf4 53.gxf4 g5 54.fxg5 fxg5 55.a4 gxh4 56.b5 axb5 57.a5 h3
58.a6 h2 59.a7 h1=Q 60.a8=Q Qh2+ 61.Kb3 Qe5 62.Kb4 h4 63.f4 Qb2+ 64.Kc5 b4
65.Qd5+ Ke7 66.Qd6+ Kf7  1/2-1/2